| 000 | 00364nam a22001217a 4500 | ||
|---|---|---|---|
| 999 |
_c562 _d562 |
||
| 005 | 20200815132059.0 | ||
| 008 | 200815b ||||| |||| 00| 0 eng d | ||
| 020 | _a0903274086 | ||
| 040 | _cCML | ||
| 245 |
_aAfrican Development With a Human Face. _cIkoku, E.A.U. |
||
| 260 |
_aLondon _bAfrica Books _c1976 |
||
| 942 |
_2ddc _cBK _e1st Edition _h330.96 _mIKO |
||